000 00371pab a2200157 454500
008 180718b1999 xxu||||| |||| 00| 0 eng d
100 _aVittal, N.
245 _aAre Indians basically corrupt
260 _c1999
300 _ap.23-28
362 _aApr-Sep
650 _aCorruption - India
650 _aCorruption
773 _aIndian Police Journal
909 _a45291
999 _c45291
_d45291